[Event "Itl Open"]
[Site "Curacao NLD ANT"]
[Date "2003.??.??"]
[Round "3"]
[White "Brameld, Arthur F"]
[Black "Szmetan, Jorge"]
[Result "0-1"]
[WhiteElo "2079"]
[BlackElo "2405"]
[PlyCount "50"]
[EventDate "2003.??.??"]

1. e4 c5 2. Nf3 Nc6 3. b4 Nxb4 4. c3 Nc6 5. d4 d5 6. exd5 Qxd5 7. Na3 Bg4 8. Rb1 Nf6 9. Bc4 Qe4+ 10. Kf1 e6 11. h3 Bh5 12. Bg5 $2 (12. Rxb7 $1 a6 (12... cxd4 13. Nb5 Rc8 14. Bd3 (14. cxd4) 14... Qd5 15. Nc7+ Rxc7 16. Rxc7 dxc3 17. Kg1 Bxf3 18. Qxf3 $14) (12... Nxd4 13. Qa4+ Qc6 14. Nb5 Bxf3 15. gxf3 $18) (12... Rc8 13. Bd3 Qd5 14. Nb5 Bxf3 (14... Qd8 15. Nxa7 Nxa7 16. Rxa7 Bd6 17. Bb5+ Kf8 18. Be3 Qb6 19. Qa4 Bxf3 20. gxf3 cxd4 21. Bxd4) 15. gxf3 Qd8 16. Nxa7 Nxa7 17. Rxa7 Bd6 18. Bb5+ Kf8 19. Bg5 Qb6 20. Qa4 cxd4 21. Ra6) (12... Rb8 13. Rc7 Bd6 14. Bd3 Bxc7 15. Bxe4 Nxe4 16. Qa4 Rb6 17. Nb5 Bb8 18. Ne5 Nxe5 19. Nd6+ Ke7 20. Nxe4 Rb1 (20... cxd4 21. Qxd4)) 13. Rc7 Ra7 (13... Kd8 14. Bd3 Qd5 15. Bf4 e5 16. Bc4 Qd6 17. Rxc6 Qxc6 18. dxe5+ Qd7 $14) 14. Bd3 (14. Rxa7 Nxa7 15. Qa4+ Qc6 16. Qxc6+ Nxc6 17. Bxa6 Bxf3 18. gxf3 cxd4 19. Bb5 Kd7 20. cxd4 $16) 14... Qd5 15. Rc8+ Nd8 16. Nc4 cxd4 17. Qa4+ Qd7 18. Qxd7+ Rxd7 19. Nxd4 Bg6 20. Be2 Be4 21. Bf4) (12. g4 $5 Bg6 13. Kg2 (13. Rxb7 cxd4 (13... a6 14. Kg1 cxd4 (14... Nxd4 15. Qa4+ Kd8 16. Qa5+ Ke8 17. Qa4+) 15. Ng5 Qe5 16. Qa4 Rc8 17. Qxa6 (17. Bxa6 Bc5 18. Rb5 Qe1+ 19. Kg2 Be4+ 20. Nxe4 Qxe4+ 21. Kg1 Qe1+ 22. Kg2 Qe4+ $11) 17... d3 18. Rb2 Qc7 19. Bf4 e5 20. Rb7 Qa5 21. Qxa5 Nxa5 22. Bb5+) (13... Nxd4 14. Qa4+ Qc6 (14... Kd8 15. Qa5+ Ke8 16. Bb5+ Nxb5 17. Qxb5+ Kd8 18. Kg2 Kc8 19. Rd1 Qxb7 20. Rd8+ Kxd8 21. Qxb7 Be4 22. Qxf7 $13) 15. Nb5 (15. Qxc6+ $5 {(AFB)} Nxc6 16. Bb5 Be4 17. Ne5 Bxh1 18. f3 Bxf3 19. Nxf3 O-O-O 20. Bxc6 Rd1+ 21. Ke2 Rxc1 22. Nb5 Rb1 23. Rxa7 Rxb5 24. Bxb5 $16) 15... Nxb5 16. Qxb5 Be4 17. Ne5 Qxb5 18. Bxb5+ Kd8 19. Bc6 Bxc6 20. Nxc6+ Ke8 21. Bf4 $44) 14. Nb5 Ne5 15. Qa4 (15. Nc7+) 15... Ned7 16. Bd5 (16. Nc7+ Kd8 17. Qa5 Qxb7 18. Nxe6+ Ke7 19. Ba3+ Ke8 20. Nc7+ Qxc7 21. Qxc7 Bxa3 22. g5 $18) 16... exd5 17. Kg2 Bc5 (17... dxc3 18. Re1 d4 19. Rxe4+ Bxe4 20. Nc7+ Kd8 21. Nxa8 Bxb7 22. Qa5+ $18) 18. Re1 $16) 13... h5 14. g5 Nd5 15. Qb3 Rb8 16. Bb5 Rc8 17. Re1 $132) 12... cxd4 13. Nb5 Rc8 14. g4 Bg6 15. Rb2 dxc3 16. Bxe6 Qd3+ 17. Kg2 Qxd1 18. Rxd1 fxe6 19. Re2 Ne4 20. Rde1 a6 21. Nxc3 Nxc3 22. Rxe6+ Kd7 23. R6e3 Bb4 24. Ne5+ Nxe5 25. Rxe5 Rce8 0-1

[Event "Itl Open"]
[Site "Curacao NLD ANT"]
[Date "2003.??.??"]
[Round "4"]
[White "Martis, Valentino"]
[Black "Brameld, Arthur F"]
[Result "0-1"]
[WhiteElo "1750"]
[BlackElo "2079"]
[PlyCount "66"]
[EventDate "2003.??.??"]

1. d4 c5 2. d5 Nf6 3. c4 g6 4. Nc3 Bg7 5. e4 d6 6. f3 O-O 7. Be3 Na6 8. Qd2 Qa5 9. a4 Nb4 10. Ra3 Bd7 11. Be2 Ne8 12. Bd1 f5 13. Nge2 Nf6 14. O-O fxe4 15. fxe4 Ng4 16. h3 Rxf1+ 17. Kxf1 Rf8+ 18. Kg1 Ne5 19. Bb3 Bxh3 20. Nf4 Bd7 21. Nce2 Ng4 22. Bd1 Be5 23. g3 Qd8 24. Ne6 Bxe6 25. dxe6 Qc8 26. Nf4 Nxe3 27. Rxe3 Bd4 28. Bg4 Nc2 29. Ng2 Nxe3 30. Nxe3 h5 31. Bh3 Rf3 32. Kg2 Rxe3 33. Qf2 Qf8 0-1

[Event "Itl Open"]
[Site "Curacao NLD ANT"]
[Date "2003.??.??"]
[Round "5"]
[White "Brameld, Arthur F"]
[Black "Metz, Hartmut"]
[Result "0-1"]
[WhiteElo "2079"]
[BlackElo "2325"]
[PlyCount "42"]
[EventDate "2003.??.??"]

1. e4 c6 2. d4 d5 3. e5 Bf5 4. Nf3 e6 5. Be2 Nd7 6. O-O Ne7 7. Nh4 Bg6 8. Nd2 c5 9. c3 Nc6 10. Nxg6 hxg6 11. Nf3 Be7 12. Be3 g5 $6 13. Qd2 f6 14. Bd3 Nf8 15. g4 $4 (15. exf6 gxf6 16. dxc5) 15... Qc7 16. Bb5 Ng6 17. Qd3 Kf7 18. Bxc6 bxc6 19. dxc5 $2 (19. Rae1 $15) 19... Rh3 20. Bxg5 Rah8 21. Bd2 Nxe5 0-1

[Event "Itl Open"]
[Site "Curacao NLD ANT"]
[Date "2003.??.??"]
[Round "6"]
[White "Dekker, Marvin"]
[Black "Brameld, Arthur F"]
[Result "0-1"]
[WhiteElo "2196"]
[BlackElo "2079"]
[PlyCount "116"]
[EventDate "2003.??.??"]

1. d4 Nf6 2. c4 g6 3. Nc3 Bg7 4. e4 d6 5. f3 O-O 6. Be3 c5 7. dxc5 dxc5 8. Qxd8 Rxd8 9. Bxc5 Nc6 10. Nd5 e6 $6 11. Ne7+ Kh8 12. Nxc6 bxc6 13. Rb1 a5 14. Nh3 Ba6 15. Be2 Rab8 16. Be3 Rd7 17. O-O Ne8 18. b3 Bd4 19. Bxd4+ Rxd4 20. Rfd1 e5 21. Rxd4 exd4 22. Rd1 c5 23. Nf4 Nc7 24. Nd5 Nxd5 25. exd5 Kg7 26. Kf2 Kf6 27. Re1 Ke7 28. Bd3+ Kd6 29. Re4 a4 30. Bc2 Kd7 31. Ke2 Rb4 32. Kd3 Rb8 33. g4 Kd6 34. Rf4 Ke7 35. g5 Bc8 36. Kd2 Bd7 37. d6+ $2 Ke8 38. Re4+ Be6 39. Re5 Rc8 40. bxa4 $2 Kd7 41. Bb3 Kxd6 42. Re4 f5 43. Rh4 Bg8 44. f4 Re8 45. Rh3 Kc7 46. Rf3 Kb6 47. a3 Ka5 48. Rh3 Re7 49. Rg3 Be6 50. h4 Bd7 51. h5 Bxa4 52. hxg6 hxg6 53. Bxa4 Kxa4 54. Rh3 Re6 55. Kc2 Re2+ 56. Kc1 Rf2 57. Rh6 Kb3 58. Rh3+ Kxc4 0-1

[Event "Itl Open"]
[Site "Curacao NLD ANT"]
[Date "2003.??.??"]
[Round "8"]
[White "Brameld, Arthur F"]
[Black "Zalm, Norman E"]
[Result "1-0"]
[WhiteElo "2079"]
[BlackElo "1700"]
[PlyCount "39"]
[EventDate "2003.??.??"]

1. e4 c5 2. Nf3 d6 3. d4 cxd4 4. Qxd4 Nc6 5. Bb5 Bd7 6. Bxc6 Bxc6 7. Nc3 e5 8. Qd3 Nf6 9. Bg5 h6 10. Bh4 Be7 11. O-O-O Qc7 12. Bxf6 gxf6 13. Nh4 f5 14. Nxf5 Bg5+ 15. Kb1 O-O 16. h4 Bf6 17. Qg3+ Kh7 18. Rxd6 Rg8 19. Qe3 Be7 20. Rxh6# 1-0

[Event "Itl Open"]
[Site "Curacao NLD ANT"]
[Date "2003.??.??"]
[Round "9"]
[White "Brameld, Arthur F"]
[Black "Mensing, Fabio"]
[Result "1/2-1/2"]
[WhiteElo "2079"]
[BlackElo "2157"]
[PlyCount "53"]
[EventDate "2003.??.??"]

1. Nc3 c5 2. Nf3 d6 3. d4 cxd4 4. Nxd4 Nf6 5. g3 e5 6. Nb3 Nc6 7. Bg2 Be7 8. Bg5 Be6 9. Qd2 h6 10. Bxf6 Bxf6 11. Rd1 (11. O-O-O $5) 11... O-O 12. Qxd6 Qxd6 13. Rxd6 Be7 14. Rd1 $6 (14. Rd3) (14. Rd2) 14... Bb4 15. O-O (15. a3 Bxc3+ 16. bxc3 Rac8 (16... Rad8 17. Nc5 Bc8 (17... Rxd1+ 18. Kxd1 Rd8+ 19. Kc1 Bc8 20. Rd1 Rxd1+ 21. Kxd1) 18. Rd5)) 15... Bxc3 16. bxc3 Rac8 17. Bd5 Bh3 18. Rfe1 Ne7 19. Bxb7 Rxc3 20. Rd2 Rb8 21. Be4 Be6 22. Rd6 Rc4 23. f3 g6 24. Red1 $6 (24. g4) 24... Bf5 25. Rd8+ Rxd8 26. Rxd8+ Kg7 27. Nd2 (27. Nd2 Ra4 (27... Rc3 28. Nb1 (28. Re8 Nc6 29. Nb1 Rc5 30. Bxf5 gxf5 31. c3 Rb5 32. Na3 Rb2 33. Kf2 Rxa2 34. Nc4 Kf6) 28... Rc5 29. Bxf5 Nxf5 30. c3 Rb5 31. Nd2 Ra5 32. Kf2 Rxa2 33. g4 Ne7 34. Nc4 f6 35. Rd7 Kf7 36. Nd6+ Ke6 37. Rd8) (27... Rc5 28. Re8 Rc7 (28... Nc6 29. Nb3 Rc4 30. Bxc6 Rxc6 31. Rxe5 Rxc2 32. Ra5 Rxe2 33. Nd4 Rd2 34. Nxf5+ gxf5 35. Rxa7) 29. c4 Be6 30. a4 Nc8 31. Bd5 Nd6 32. Ra8 Nxc4 33. Bxc4 Bxc4 34. Nxc4 Rxc4 35. Rxa7 Rc2 36. Kf2) 28. Bxf5 Nxf5 29. Kf2 Rxa2 30. c3 Kf6 31. Ne4+ Ke7 32. Rh8 (32. Rd5 f6 33. Rc5 Nd6 34. Rc7+ Kd8 35. Rg7) 32... Nd6 33. Nxd6 Kxd6 34. Rxh6 Rc2 35. Rh7 Ke6) 1/2-1/2

[Event "4NCL Div3/WES2-ATH"]
[Site "West Bromwich ENG"]
[Date "2004.??.??"]
[Round "3.4"]
[White "McKeown, Paul"]
[Black "Brameld, Arthur F"]
[Result "1/2-1/2"]
[WhiteElo "2050"]
[BlackElo "2079"]
[PlyCount "75"]
[EventDate "2004.??.??"]

1. d4 Nf6 2. c4 e6 3. Nc3 c5 4. d5 exd5 5. cxd5 d6 6. Nf3 g6 7. h3 Bg7 8. e4 O-O 9. Bd3 Re8 10. O-O a6 11. a4 c4 12. Bxc4 Nxe4 13. Nxe4 Rxe4 14. Bg5 Bf6 15. Bd3 Re8 16. Qd2 Bxg5 17. Nxg5 Nd7 18. Rae1 Ne5 19. Bc2 Bd7 20. Ne4 Bf5 21. Nc3 Bxc2 22. Qxc2 Rc8 23. Qd2 Qb6 $6 (23... f5 $142 24. Ne2 Nc4) (23... Re7) 24. Ne4 Kg7 25. a5 Qd8 26. f4 Nc4 27. Qd4+ f6 28. Rc1 Qe7 29. Rfe1 Nxa5 30. Rxc8 Rxc8 31. Qb4 Rc4 32. Qxa5 Rxe4 33. Rxe4 Qxe4 34. Qc7+ Kh6 35. Qxd6 Qd4+ 36. Kh2 Qxb2 37. Qf8+ Kh5 38. d6 1/2-1/2

[Event "4NCL Div3/BRI2-WES2"]
[Site "West Bromwich ENG"]
[Date "2004.??.??"]
[Round "4.4"]
[White "Brameld, Arthur F"]
[Black "White, Michael"]
[Result "0-1"]
[WhiteElo "2079"]
[BlackElo "2068"]
[PlyCount "42"]
[EventDate "2004.??.??"]

1. Nc3 Nf6 2. d4 d5 3. e4 dxe4 4. f3 exf3 5. Nxf3 e6 6. Bd3 c5 7. Be3 Nbd7 8. Qd2 Be7 9. O-O-O cxd4 10. Bxd4 O-O 11. h4 a6 12. Qe3 $6 (12. h5) 12... Qc7 13. Rdg1 b5 14. g4 Bb7 15. g5 (15. h5 Bd6) 15... Nh5 16. g6 hxg6 17. Rxg6 fxg6 18. Qxe6+ Rf7 19. Bxg6 Qf4+ 20. Kb1 Qxf3 21. Rg1 Nf8 0-1

[Event "4NCL Div3/WES2-FCA"]
[Site "West Bromwich ENG"]
[Date "2004.03.28"]
[Round "6.4"]
[White "Brameld, Arthur F"]
[Black "Valentine, Brian J"]
[Result "1/2-1/2"]
[WhiteElo "2079"]
[BlackElo "2063"]
[PlyCount "90"]
[EventDate "2004.??.??"]

1. Nf3 d5 2. d4 c6 3. e3 Nf6 4. Bd3 Bg4 5. Nbd2 Nbd7 6. h3 Bh5 7. g4 Bg6 8. Ne5 e6 9. Nxd7 Nxd7 10. Nf3 Bd6 11. Bxg6 hxg6 12. b3 Qa5+ 13. Bd2 Qc7 14. Bc3 Nf6 15. Ne5 Ne4 16. Bb2 Bb4+ 17. Kf1 Be7 18. Nf3 Bh4 19. Nxh4 Rxh4 20. Kg2 O-O-O 21. Qf3 Rdh8 22. Qf4 Qe7 23. Rh2 f5 24. Rah1 Qf6 25. f3 Ng5 26. Qg3 Nf7 27. c4 {(=)} g5 28. cxd5 exd5 29. Rf1 f4 30. Qf2 Qh6 31. Rfh1 Re8 32. Re1 Rh8 33. Reh1 Qh7 34. Qe2 Re8 35. Bc1 Qg6 36. Re1 Rhh8 37. Qf2 Qf6 38. e4 dxe4 39. fxe4 Kb8 40. Bb2 Qg6 41. e5 Nd8 42. Ba3 Ne6 43. Rhh1 Rd8 44. Bd6+ Ka8 45. Rd1 Qe4+ (45... Qe4+ 46. Qf3 Qc2+ 47. Qf2 f3+ 48. Kg3 Rxh3+ 49. Rxh3 Qxd1 {Ouch !!}) 1/2-1/2

[Event "Ports Lge"]
[Site "Gosport ENG"]
[Date "2004.??.??"]
[Round "?"]
[White "Brameld, Arthur F"]
[Black "Wheeler, John Francis"]
[Result "1-0"]
[Annotator "Brameld,A"]
[WhiteElo "2080"]
[BlackElo "2215"]
[PlyCount "59"]
[EventDate "2004.??.??"]

1. e4 e5 2. f4 {what else ?! - also playable after 1.f4, e5; is 2.e4!} Bc5 3. Nf3 d6 4. c3 Nf6 5. d4 Bb6 6. fxe5 Nxe4 {out of my book !} 7. Bd3 d5 8. Qc2 Bf5 9. Nbd2 Nxd2 10. Bxd2 Bxd3 11. Qxd3 $16 Nc6 12. O-O-O Qd7 13. Rhf1 h6 14. e6 $1 fxe6 15. Qg6+ Kd8 $6 (15... Qf7 $142 $14) 16. Rde1 Re8 17. Ne5 {not the most accurate - better were either :-} (17. Nh4) (17. Bf4) 17... Nxe5 18. Rxe5 c5 19. Rf7 Qc6 20. dxc5 Bxc5 21. Qxg7 Bd4 22. Bf4 $1 $18 Bxc3 23. bxc3 Qxc3+ 24. Kd1 Qd4+ 25. Ke2 Qc4+ 26. Kf3 Qd3+ 27. Kg4 Qd1+ 28. Kh4 Qa4 29. Qf6+ Kc8 30. Rxe6 1-0

[Event "Ward Higgs - Board 8 (ie 2!!)"]
[Site "?"]
[Date "2004.??.??"]
[Round "?"]
[White "Brameld, Arthur F"]
[Black "Carleton, John Joseph"]
[Result "1-0"]
[WhiteElo "2091"]
[BlackElo "2284"]
[PlyCount "49"]

1. d4 Nf6 2. c4 Nc6 3. Nf3 e6 4. a3 d5 5. Nc3 a6 6. cxd5 exd5 7. Bg5 Be7 8. e3 h6 9. Bh4 O-O 10. Bd3 Ne4 11. Bxe7 Nxc3 12. Bxd8 Nxd1 13. Rxd1 Nxd8 14. Rc1 Ne6 15. h4 g6 16. Ne5 c6 17. g4 Ng7 18. Kd2 a5 19. Rhg1 h5 20. gxh5 Nxh5 21. Rg5 Ng7 22. Rcg1 Ne6 23. R5g3 Kg7 24. h5 g5 25. h6+ 1-0

[Event "Ward Higgs Trophy (Bd ? - ie Bd 2!!)"]
[Site "?"]
[Date "2006.??.??"]
[Round "?"]
[White "Stebbings, Anthony J"]
[Black "Brameld, Arthur F"]
[Result "1/2-1/2"]
[WhiteElo "2290"]
[BlackElo "2091"]
[PlyCount "44"]
[EventDate "2006.??.??"]

1. d4 f5 2. Nc3 Nf6 3. Bg5 d5 4. Bxf6 exf6 5. e3 Be6 6. Qf3 Nc6 7. Bb5 Qd6 8. Nge2 a6 9. Ba4 O-O-O 10. Nf4 Na5 11. O-O-O g5 12. Nd3 h5 13. Nc5 Qb6 14. Bb3 Bxc5 15. Na4 Nxb3+ 16. axb3 Qc6 17. Nxc5 b6 18. Nxe6 Qxe6 19. h4 Qe4 20. Qxe4 fxe4 21. Rdf1 Rdg8 22. g3 a5 1/2-1/2

[Event "Portsmouth Div 1"]
[Site "West Bromwich ENG"]
[Date "2020.02.17"]
[Round "?"]
[Board "4"]
[White "Lukosius, Rolandas"]
[Black "Brameld, Arthur F"]
[Result "1-0"]
[Annotator "Arthu F Brameld"]
[WhiteElo "2094"]
[BlackElo "2091"]
[PlyCount "77"]
[GameId "2174117920468162"]
[EventDate "2004.05.29"]
[WhiteTeam "Chichester A"]
[BlackTeam "Fareham A"]

1. d4 d5 2. c4 e6 3. Nc3 c5 4. cxd5 cxd4 5. Qa4+ Bd7 6. Qxd4 exd5 7. Qxd5 Nc6 8. e3 Nf6 9. Qb3 Bc5 10. Nf3 O-O 11. Be2 Be6 12. Qd1 Qe7 13. O-O Rfd8 14. Nd2 Ne5 15. Qc2 Rac8 16. Nde4 Bf5 17. Qa4 Nxe4 18. Nxe4 Bb6 19. Ng3 Bc2 (19... Bd3 {slight plus for Black}) 20. b3 Nd3 21. Ba3 Qf6 22. Ne4 Qe5 23. Nd2 Bc7 $2 (23... Nxf2 $3 24. Nc4 (24. Rxf2 Qxa1+ 25. Rf1 Bxe3+ 26. Kh1 Qxa2 27. Bg4 Bd3 28. Rd1 f5 29. Bf3 Bxd2 30. Be7 Qxa4 31. bxa4 Bc2) (24. Nf3 Qxe3 25. Rae1 Ne4+ 26. Kh1 Qh6 27. Qxe4 Bxe4) 24... Rxc4 25. Qxc4 Qxe3 26. Qh4 (26. h3 Be4 $1 {with the threat of ....Ng4+ 28.Kh1 Qxh3#)}) 26... Nd1+ 27. Kh1 Qxe2 28. Qe1 Nf2+ 29. Rxf2 (29. Kg1 Nd3+ 30. Kh1 Nxe1 31. Rfxe1 Qg4)) 24. Nf3 Qf6 25. Nd4 Qe5 26. g3 Nc5 (26... Bb6 $11) 27. Qxa7 Bb8 28. Qa5 Rxd4 29. Bxc5 Rd5 30. b4 Rd2 $16 31. Bg4 f5 32. Bf3 Rcd8 33. Bxb7 Bc7 34. Qa3 R8d3 35. Qc1 Bd6 36. Bd4 Qe7 37. Bd5+ Kh8 38. Bc4 Rd1 39. Qxc2 {The particular additional interest in this game, is that if I had won, Fareham would have won the PDCL Division 1 Title that year and and NOT  Chichester.} 1-0